<?xml version="1.0" encoding="UTF-8"?>
<record
    xmlns:xsi="http://www.w3.org/2001/XMLSchema-instance"
    xsi:schemaLocation="http://www.loc.gov/MARC21/slim http://www.loc.gov/standards/marcxml/schema/MARC21slim.xsd"
    xmlns="http://www.loc.gov/MARC21/slim">

  <leader>00598nam a2200157Ia 4500</leader>
  <datafield tag="999" ind1=" " ind2=" ">
    <subfield code="c">9438</subfield>
    <subfield code="d">9438</subfield>
  </datafield>
  <datafield tag="020" ind1=" " ind2=" ">
    <subfield code="a">9788180699962</subfield>
  </datafield>
  <datafield tag="082" ind1=" " ind2=" ">
    <subfield code="a">320.954</subfield>
    <subfield code="b">KUM-R</subfield>
  </datafield>
  <datafield tag="100" ind1=" " ind2=" ">
    <subfield code="a">&#x915;&#x941;&#x92E;&#x93E;&#x930;, &#x92C;&#x94D;&#x930;&#x93F;&#x91C; &#x92C;&#x93F;&#x939;&#x93E;&#x930;&#x940; </subfield>
    <subfield code="q">Kumar, Braj Bihari</subfield>
  </datafield>
  <datafield tag="245" ind1=" " ind2="0">
    <subfield code="a">&#x930;&#x93E;&#x937;&#x94D;&#x200D;&#x91F;&#x94D;&#x930;&#x940;&#x92F; &#x938;&#x92E;&#x938;&#x94D;&#x92F;&#x93E;&#x90F;&#x901;</subfield>
    <subfield code="b">:  &#x91A;&#x93F;&#x928;&#x94D;&#x924;&#x93E; &#x90F;&#x935;&#x902; &#x91A;&#x93F;&#x928;&#x94D;&#x924;&#x928;</subfield>
  </datafield>
  <datafield tag="246" ind1=" " ind2=" ">
    <subfield code="a">Rashtriya samasyayein: chinta avam chintan</subfield>
  </datafield>
  <datafield tag="260" ind1=" " ind2=" ">
    <subfield code="a">New Delhi</subfield>
    <subfield code="b">Concept Publishing</subfield>
    <subfield code="c">2014</subfield>
  </datafield>
  <datafield tag="300" ind1=" " ind2=" ">
    <subfield code="a">viii, 168p</subfield>
  </datafield>
  <datafield tag="546" ind1=" " ind2=" ">
    <subfield code="a">Hindi
</subfield>
  </datafield>
  <datafield tag="650" ind1=" " ind2=" ">
    <subfield code="a">Politics and government</subfield>
    <subfield code="v">Social conditions</subfield>
    <subfield code="v">National security</subfield>
    <subfield code="z">India</subfield>
  </datafield>
  <datafield tag="942" ind1=" " ind2=" ">
    <subfield code="c">BK</subfield>
    <subfield code="2">ddc</subfield>
  </datafield>
  <datafield tag="952" ind1=" " ind2=" ">
    <subfield code="0">0</subfield>
    <subfield code="1">0</subfield>
    <subfield code="4">0</subfield>
    <subfield code="7">0</subfield>
    <subfield code="a">NASSDOC</subfield>
    <subfield code="b">NASSDOC</subfield>
    <subfield code="d">2018-10-29</subfield>
    <subfield code="e">OP</subfield>
    <subfield code="i">2018-10-15</subfield>
    <subfield code="l">0</subfield>
    <subfield code="o">320.954 KUM-R</subfield>
    <subfield code="p">50072</subfield>
    <subfield code="r">2019-04-18 00:00:00</subfield>
    <subfield code="w">2019-04-18</subfield>
    <subfield code="y">BK</subfield>
  </datafield>
</record>
